00363nam a2200157Ia 4500008004100000020001800041245002500059245002400084260001500108260001600123260000900139300001400148300002500162300001000187500000800197170705s9999 xx 000 0 und d a9780439322960 2aA dollar for Penny / cby Dr. Julie Glass. aNew York : bScholastic, c2000 aunpaged : bcolor illustration ; c23cm. a150